000 02013nam a2200517Ii 4500
001 DIGKATZ0089
003 NyNyDIG
006 m o d
007 cr |||||||||||
008 240902s2020 ag ob 000 0 spa d
035 _a(OCoLC)1437370207
040 _aDGITA
_beng
_erda
_epn
_cDGITA
020 _a9789874001252
_q(Argentina)
020 _z9788415917465
_q(España)
041 1 _aspa
_hger
050 1 4 _aHM1106 ebook
082 0 4 _a306.7
_223
100 1 _aIllouz, Eva,
_d1961-
_eauthor.
240 1 0 _aWarum Liebe endet.
_lSpanish
_s(Mosconi)
245 1 3 _aEl fin del amor :
_buna sociología de las relaciones negativas /
_cEva Illouz ; traducido por Lilia Mosconi.
246 3 0 _aSociología de las relaciones negativas
264 1 _aBuenos Aires :
_bKatz,
_c[2020]
300 _a1 online resource.
336 _atext
_btxt
_2rdacontent
337 _acomputer
_bc
_2rdamedia
338 _aonline resource
_bcr
_2rdacarrier
347 _atext file
_2rdaft
347 _bPDF
490 1 _aConocimiento
504 _aIncludes bibliographical references.
588 0 _aOnline resource; title from PDF title page (Digitalia, viewed September 2, 2024)
650 0 _aInterpersonal relations
_xPsychological aspects.
650 0 _aMan-woman relationships
_xPsychological aspects.
650 0 _aLove
_xSocial aspects.
650 0 _aSocial media.
650 0 _aInterpersonal relations and culture.
700 1 _aMosconi, Lilia,
_etranslator.
700 1 _iTranslation of:
_aIllouz, Eva,
_d1961-
_tWarum Liebe endet.
791 2 _aDigitalia (Firm),
_edistributor.
793 0 _gDigitalia eBook Collection:
_aKatz Editores
776 0 8 _iPrint version:
_aIllouz, Eva, 1961-
_sWarum Liebe endet. Spanish (Mosconi).
_tFin del amor.
_bPrimera edición.
_dBuenos Aires : Katz, [2020]
_z9788415917465
830 0 _aConocimiento (Buenos Aires, Argentina)
856 4 0 _3Digitalia Hispánica
_uhttps://www.digitaliapublishing.com/a/157072/
910 _aPremium collection: 2024
942 _cRAA
999 _c287022
_d287022